[Event "Chalkidiki op"]
[Site "Chalkidiki"]
[Date "2015.07.18"]
[Round "8"]
[White "Kokkalis, Haralabos"]
[Black "Kefalas, Spyridon"]
[Result "1/2-1/2"]
[WhiteElo "1824"]
[BlackElo "2021"]
[PlyCount "99"]
[EventDate "2015.07.12"]
[EventType "swiss"]
[EventRounds "9"]
[EventCountry "GRE"]
[SourceTitle "EXT 2016"]
[Source "ChessBase"]
[SourceDate "2015.10.08"]
[SourceVersion "1"]
[SourceVersionDate "2015.10.08"]
[SourceQuality "1"]

1. e4 Nf6 2. e5 Nd5 3. d4 d6 4. Nf3 Bg4 5. Be2 e6 6. 0-0 Nc6 7. c4 Nb6 8. exd6 cxd6 9. b3 d5 10. c5 Nd7 11. Bf4 Be7 12. Nc3 a6 13. Rb1 0-0 14. b4 Bf6 15. Be3 b6 16. Qa4 Qc8 17. Rfd1 Bxf3 18. Bxf3 bxc5 19. Nxd5 exd5 20. Bxd5 Nxd4 21. Bxd4 Bxd4 22. bxc5 Bxf2+ 23. Kxf2 Nxc5 24. Qd4 Qf5+ 25. Kg1 Rac8 26. Rbc1 Ne6 27. Bxe6 Qxe6 28. Rxc8 Rxc8 29. Qd8+ Qe8 30. Qxe8+ Rxe8 31. Rd6 Ra8 32. Kf2 Kf8 33. Ke3 Re8+ 34. Kf3 Re6 35. Rd5 Rc6 36. a4 Ke7 37. g4 Ke6 38. Rd4 Rc3+ 39. Kf4 Rh3 40. Rb4 Rd3 41. Ke4 Rd6 42. h4 g6 43. g5 f5+ 44. gxf6 Kxf6 45. a5 h6 46. Rb7 g5 47. hxg5+ hxg5 48. Rb6 Ke6 49. Rxd6+ Kxd6 50. Kf5 1/2-1/2

[Event "Paleochora op 6th"]
[Site "Paleochora"]
[Date "2013.07.22"]
[Round "5"]
[White "Kefalas, Spyridon"]
[Black "Pfeffer, Ruprecht"]
[Result "0-1"]
[WhiteElo "1989"]
[BlackElo "2232"]
[PlyCount "104"]
[EventDate "2013.07.19"]
[EventType "swiss"]
[EventRounds "9"]
[EventCountry "GRE"]
[SourceTitle "CBM 155 Extra"]
[Source "ChessBase"]
[SourceDate "2013.08.26"]
[SourceVersion "1"]
[SourceVersionDate "2013.08.26"]
[SourceQuality "1"]

1. c4 Nf6 2. g3 g6 3. Bg2 d5 4. cxd5 Nxd5 5. Nc3 Nb6 6. d3 Bg7 7. Nf3 Nc6 8. 0-0 0-0 9. Be3 e5 10. Bc5 Re8 11. e3 Bf5 12. d4 exd4 13. Nxd4 Nxd4 14. Bxd4 Bxd4 15. exd4 Nc4 16. b3 Nd6 17. Re1 c6 18. Qd2 Qd7 19. Qf4 Rxe1+ 20. Rxe1 Re8 21. Re5 f6 22. Rxe8+ Nxe8 23. d5 c5 24. Qe3 b6 25. h4 Nd6 26. h5 Qe8 27. hxg6 hxg6 28. Qxe8+ Nxe8 29. Be4 Bxe4 30. Nxe4 Kf7 31. g4 f5 32. gxf5 gxf5 33. Nc3 Ke7 34. Kf1 Nc7 35. Ke2 Kd6 36. a4 a6 37. Kd3 Nxd5 38. Ne2 b5 39. axb5 axb5 40. f4 Nb4+ 41. Kd2 Nc6 42. Kd3 Ke6 43. Ke3 b4 44. Kd3 Kd5 45. Ke3 c4 46. bxc4+ Kxc4 47. Ng3 Nd4 48. Kd2 b3 49. Kc1 Kc3 50. Kb1 b2 51. Nf1 Nb3 52. Ka2 Kc2 0-1

[Event "Petroupoli op 4th"]
[Site "Petroupoli"]
[Date "2012.05.16"]
[Round "6"]
[White "Karagiannis, Athanasios"]
[Black "Kefalas, Spyridon"]
[Result "1-0"]
[WhiteElo "2315"]
[BlackElo "1930"]
[PlyCount "162"]
[EventDate "2012.04.28"]
[EventType "swiss"]
[EventRounds "7"]
[EventCountry "GRE"]
[SourceTitle "CBM 148 Extra"]
[Source "ChessBase"]
[SourceDate "2012.06.22"]
[SourceVersion "1"]
[SourceVersionDate "2012.06.22"]
[SourceQuality "1"]

1. d4 d5 2. c4 e6 3. Nf3 Nf6 4. Nc3 Be7 5. Bf4 a6 6. e3 0-0 7. Rc1 c5 8. dxc5 Bxc5 9. cxd5 exd5 10. Bg5 Bb4 11. Bxf6 Qxf6 12. Qxd5 Nc6 13. a3 Be7 14. Be2 Rd8 15. Qb3 Be6 16. Qc2 Rac8 17. 0-0 Na5 18. Nd4 Rxd4 19. exd4 Nb3 20. Nd5 Bxd5 21. Qxc8+ Bf8 22. Rcd1 Nxd4 23. Rxd4 Qxd4 24. Rd1 Qxb2 25. Rxd5 Qxe2 26. Qc1 Bxa3 27. h4 Bf8 28. Rd8 Qe7 29. Qd2 b5 30. Ra8 b4 31. g3 b3 32. Rxa6 Qb7 33. Ra1 Qb6 34. Rb1 Bc5 35. Qd5 g6 36. Rxb3 Bxf2+ 37. Kg2 Qd4 38. Qa8+ Kg7 39. Rf3 Be1 40. Qe8 Qb2+ 41. Kh3 Qb7 42. Qe5+ Kg8 43. Rd3 Qc8+ 44. g4 Bb4 45. Qf6 Bf8 46. h5 Qc1 47. Qf3 Be7 48. Rc3 Qg5 49. Rd3 Qf6 50. Qxf6 Bxf6 51. Kg3 h6 52. Rd7 Be5+ 53. Kf3 Kg7 54. Ke4 Bg3 55. Rb7 gxh5 56. gxh5 Kf6 57. Kf3 Be5 58. Kg4 Ke6 59. Rb6+ Bd6 60. Rb5 Kf6 61. Rf5+ Kg7 62. Rd5 Be7 63. Kf5 Bg5 64. Ke5 Bh4 65. Kf5 Be7 66. Rd1 Bh4 67. Ke5 Be7 68. Rf1 Bg5 69. Kd6 Kf8 70. Kd7 Bh4 71. Ra1 Bg5 72. Ra4 Bh4 73. Ra8+ Kg7 74. Ra4 Bg5 75. Ke8 f5 76. Ra6 f4 77. Rg6+ Kh7 78. Kf7 f3 79. Rg7+ Kh8 80. Kg6 Bf6 81. Rf7 Bg7 1-0

[Event "Petroupoli op 4th"]
[Site "Petroupoli"]
[Date "2012.04.28"]
[Round "1"]
[White "Bellos, Vasilios"]
[Black "Kefalas, Spyridon"]
[Result "0-1"]
[WhiteElo "1491"]
[BlackElo "1930"]
[PlyCount "44"]
[EventDate "2012.04.28"]
[EventType "swiss"]
[EventRounds "7"]
[EventCountry "GRE"]
[SourceTitle "CBM 148 Extra"]
[Source "ChessBase"]
[SourceDate "2012.06.22"]
[SourceVersion "1"]
[SourceVersionDate "2012.06.22"]
[SourceQuality "1"]

1. e4 c5 2. Nf3 a6 3. d4 cxd4 4. Nxd4 e5 5. Nf5 d5 6. Ng3 Nf6 7. exd5 Qxd5 8. Bd2 Bc5 9. Nc3 Qd4 10. Be3 Qxd1+ 11. Nxd1 Bxe3 12. Nxe3 Nc6 13. 0-0-0 0-0 14. Ngf5 Ne4 15. Bc4 Nxf2 16. Rdf1 Nxh1 17. Nd6 Nd8 18. Nd5 Be6 19. Ne7+ Kh8 20. Bxe6 Nxe6 21. Nxf7+ Rxf7 22. Rxf7 Rf8 0-1

[Event "Athens op 03-A"]
[Site "Athens"]
[Date "2012.03.20"]
[Round "3"]
[White "Tziallilas, Kostas"]
[Black "Kefalas, Spyridon"]
[Result "1-0"]
[WhiteElo "2084"]
[BlackElo "1930"]
[PlyCount "45"]
[EventDate "2012.03.06"]
[EventType "swiss"]
[EventRounds "7"]
[EventCountry "GRE"]
[SourceTitle "EXT 2014"]
[Source "ChessBase"]
[SourceDate "2013.11.20"]
[SourceVersion "1"]
[SourceVersionDate "2013.11.20"]
[SourceQuality "1"]

1. d4 d5 2. Nf3 e6 3. c4 Nf6 4. Nc3 Be7 5. Bg5 h6 6. Bh4 0-0 7. e3 b6 8. cxd5 exd5 9. Bd3 Bb7 10. Rc1 Nbd7 11. 0-0 c5 12. dxc5 bxc5 13. Bb1 Nb6 14. Qc2 g6 15. Ne5 g5 16. Ng4 Ne4 17. f3 Qd7 18. fxe4 Qxg4 19. e5 f5 20. exf6 Rxf6 21. Rxf6 Bxf6 22. Qg6+ Bg7 23. Rf1 1-0

[Event "Athens op 03-A"]
[Site "Athens"]
[Date "2012.03.13"]
[Round "2"]
[White "Kefalas, Spyridon"]
[Black "Kontopoulos, Dimitrios"]
[Result "1-0"]
[WhiteElo "1930"]
[BlackElo "2023"]
[PlyCount "57"]
[EventDate "2012.03.06"]
[EventType "swiss"]
[EventRounds "7"]
[EventCountry "GRE"]
[SourceTitle "EXT 2014"]
[Source "ChessBase"]
[SourceDate "2013.11.20"]
[SourceVersion "1"]
[SourceVersionDate "2013.11.20"]
[SourceQuality "1"]

1. c4 Nf6 2. Nc3 e6 3. e4 Bb4 4. e5 Ng8 5. Qg4 Bf8 6. d4 d6 7. Bg5 Ne7 8. Rd1 Nbc6 9. f4 h6 10. Bh4 g5 11. Ne4 Bg7 12. fxg5 h5 13. Qf3 Nf5 14. Bf2 dxe5 15. dxe5 Ncd4 16. Bxd4 Nxd4 17. Nf6+ Kf8 18. Qc3 c5 19. Nf3 Qc7 20. Be2 Nc6 21. 0-0 b6 22. g6 Bxf6 23. exf6 fxg6 24. f7 Rh6 25. Nh4 Nd4 26. Qd3 Nxe2+ 27. Qxe2 g5 28. Qe5 Qxf7 29. Rd8+ 1-0

[Event "Athens op 03-A"]
[Site "Athens"]
[Date "2012.03.06"]
[Round "1"]
[White "Papadimitriou, Loukas"]
[Black "Kefalas, Spyridon"]
[Result "1-0"]
[WhiteElo "2104"]
[BlackElo "1930"]
[PlyCount "54"]
[EventDate "2012.03.06"]
[EventType "swiss"]
[EventRounds "7"]
[EventCountry "GRE"]
[SourceTitle "EXT 2014"]
[Source "ChessBase"]
[SourceDate "2013.11.20"]
[SourceVersion "1"]
[SourceVersionDate "2013.11.20"]
[SourceQuality "1"]

1. c4 e5 2. Nc3 g6 3. g3 Bg7 4. Bg2 Ne7 5. e3 d6 6. Nge2 c6 7. d4 0-0 8. 0-0 Be6 9. d5 Bg4 10. f3 Bd7 11. dxc6 Bxc6 12. b4 Qc7 13. b5 Bd7 14. Ba3 Nf5 15. Qd3 Be6 16. Nd5 Bxd5 17. cxd5 Qb6 18. Kf2 e4 19. fxe4 Bxa1 20. Rxa1 Nh6 21. Bh3 f5 22. e5 Nf7 23. e6 Ng5 24. Bb2 a6 25. Bg2 Ne4+ 26. Kg1 Rc8 27. Bxe4 fxe4 1-0

[Event "Athens op 01-A"]
[Site "Athens"]
[Date "2012.01.17"]
[Round "2"]
[White "Kefalas, Spyridon"]
[Black "Papadimitriou, Loukas"]
[Result "0-1"]
[WhiteElo "1915"]
[BlackElo "2124"]
[PlyCount "82"]
[EventDate "2012.01.10"]
[EventType "swiss"]
[EventRounds "7"]
[EventCountry "GRE"]
[SourceTitle "EXT 2014"]
[Source "ChessBase"]
[SourceDate "2013.11.20"]
[SourceVersion "1"]
[SourceVersionDate "2013.11.20"]
[SourceQuality "1"]

1. c4 c6 2. e4 e5 3. g3 Bc5 4. a3 d6 5. Nc3 Qf6 6. Qf3 Qg6 7. h3 Ne7 8. b4 Bb6 9. Nge2 0-0 10. g4 Be6 11. Ng3 f6 12. Nf5 Bxf5 13. gxf5 Qf7 14. Rg1 Kh8 15. Na4 Bd4 16. Bb2 Nd7 17. Qg3 Bxb2 18. Nxb2 a5 19. Rb1 axb4 20. axb4 d5 21. f3 Rg8 22. cxd5 cxd5 23. Bb5 Nb8 24. Nd3 Nbc6 25. Bxc6 Nxc6 26. Nc5 Nd4 27. Nb3 Nxb3 28. Rxb3 g6 29. Qh4 Ra1+ 30. Kf2 Rxg1 31. Kxg1 gxf5+ 32. Kf2 dxe4 33. Rc3 Qg6 34. fxe4 fxe4 35. Ke2 Qf5 36. Qh6 Rg2+ 37. Kd1 Rg1+ 38. Kc2 e3+ 39. d3 Rg2+ 40. Kb3 Qe6+ 41. Rc4 b5 0-1

[Event "Athens Smaok op 12th"]
[Site "Athens"]
[Date "2011.10.11"]
[Round "5"]
[White "Koerant, Filipos"]
[Black "Kefalas, Spyridon"]
[Result "1-0"]
[WhiteElo "2107"]
[BlackElo "1888"]
[PlyCount "103"]
[EventDate "2011.09.13"]
[EventType "swiss"]
[EventRounds "7"]
[EventCountry "GRE"]
[SourceTitle "EXT 2024"]
[Source "ChessBase"]
[SourceDate "2023.10.10"]
[SourceVersion "1"]
[SourceVersionDate "2023.10.10"]
[SourceQuality "1"]

1. d4 Nf6 2. c4 e6 3. g3 d5 4. Nf3 Nbd7 5. Bg2 c6 6. 0-0 b6 7. Qc2 Ba6 8. Nbd2 Bd6 9. b3 Rc8 10. e4 Nxe4 11. Nxe4 dxe4 12. Ng5 Nf6 13. Nxe4 Nxe4 14. Bxe4 h6 15. a4 0-0 16. Bb2 Qc7 17. a5 Bb7 18. a6 Ba8 19. c5 bxc5 20. dxc5 Be5 21. Bxe5 Qxe5 22. Rfe1 Qb8 23. h4 Rfd8 24. Red1 Qb4 25. Qc4 Qb5 26. Bc2 Rd5 27. Rxd5 Qxc4 28. Rd8+ Rxd8 29. bxc4 Rd2 30. Rc1 Kf8 31. Kf1 Ke7 32. Ke1 Rd4 33. Bd1 Kd7 34. Be2 Kc7 35. f3 Rd8 36. Rb1 Rg8 37. Kd2 g5 38. h5 g4 39. fxg4 Kd7 40. Ke3 f5 41. gxf5 exf5 42. Kf4 Kc7 43. Bf3 Rd8 44. Rd1 Rb8 45. Re1 Kd7 46. Kxf5 Rb4 47. Kf6 Rb3 48. Bg4+ Kd8 49. Rd1+ Ke8 50. Bd7+ Kf8 51. Bf5 Ke8 52. Bg6+ 1-0

[Event "Attica-ch U16"]
[Site "Athens"]
[Date "2008.01.05"]
[Round "4"]
[White "Georgiou, Napoleon"]
[Black "Kefalas, Spyridon"]
[Result "1-0"]
[WhiteElo "1465"]
[BlackElo "1635"]
[PlyCount "91"]
[EventDate "2008.01.02"]
[EventType "swiss"]
[EventRounds "7"]
[EventCountry "GRE"]
[SourceTitle "EXT 2011"]
[Source "ChessBase"]
[SourceDate "2010.11.26"]
[SourceVersion "1"]
[SourceVersionDate "2010.11.26"]
[SourceQuality "1"]

1. e4 c5 2. Nc3 a6 3. g3 g6 4. Bg2 Bg7 5. d3 d6 6. f4 e6 7. Nf3 b5 8. Qe2 Ne7 9. 0-0 Bb7 10. Nd1 Nd7 11. Nf2 Qb6 12. Kh1 Rc8 13. c3 a5 14. Re1 Ba6 15. Qc2 0-0 16. g4 d5 17. Nh4 b4 18. Bd2 c4 19. d4 Bb7 20. e5 Nc6 21. Bc1 a4 22. f5 b3 23. axb3 cxb3 24. Qd2 Na5 25. Rxa4 Rc4 26. Ra1 Ra8 27. fxg6 fxg6 28. Qg5 Nf8 29. Nh3 Nc6 30. Rxa8 Bxa8 31. Rf1 Qd8 32. Qf4 Qxh4 33. Qf7+ Kh8 34. Bg5 Nd8 35. Qxf8+ Bxf8 36. Bxh4 Kg8 37. Bxd8 Ra4 38. Nf4 Ra6 39. g5 Bb7 40. Bh3 Bc8 41. Kg1 Bg7 42. Nxd5 exd5 43. Bxc8 Ra2 44. Be6+ Kh8 45. Rf2 h6 46. Bxd5 1-0

[Event "Attica-ch U16"]
[Site "Athens"]
[Date "2008.01.04"]
[Round "3"]
[White "Kefalas, Spyridon"]
[Black "Barbounis, Ioannis"]
[Result "1-0"]
[WhiteElo "1635"]
[BlackElo "1245"]
[PlyCount "61"]
[EventDate "2008.01.02"]
[EventType "swiss"]
[EventRounds "7"]
[EventCountry "GRE"]
[SourceTitle "EXT 2011"]
[Source "ChessBase"]
[SourceDate "2010.11.26"]
[SourceVersion "1"]
[SourceVersionDate "2010.11.26"]
[SourceQuality "1"]

1. c4 Nf6 2. Nc3 g6 3. g3 Bg7 4. Bg2 d6 5. e3 0-0 6. Nge2 c5 7. 0-0 Nbd7 8. a3 Rb8 9. d4 a6 10. b3 b5 11. cxb5 axb5 12. b4 cxb4 13. axb4 Bb7 14. Bxb7 Rxb7 15. Ra5 Qb8 16. Qd3 Rc8 17. Nxb5 Nd5 18. Bd2 N7b6 19. Rfa1 Rc6 20. e4 Nc7 21. Nec3 Nc4 22. Nxc7 Nxa5 23. N3d5 Rbxc7 24. Nxc7 Qxc7 25. bxa5 Rc4 26. Be3 Rc3 27. Qe2 Rc4 28. a6 Rc2 29. Qxc2 Qxc2 30. a7 Qxe4 31. a8Q+ 1-0

[Event "GRE-ch U16"]
[Site "Athens"]
[Date "2006.12.29"]
[Round "6"]
[White "Kefalas, Spyridon"]
[Black "Homatidis, Panagiotis"]
[Result "1-0"]
[WhiteElo "1966"]
[BlackElo "1990"]
[PlyCount "57"]
[EventDate "2006.12.22"]
[EventType "swiss"]
[EventRounds "7"]
[EventCountry "GRE"]
[SourceTitle "EXT 2024"]
[Source "ChessBase"]
[SourceDate "2023.10.10"]
[SourceVersion "1"]
[SourceVersionDate "2023.10.10"]
[SourceQuality "1"]

1. c4 e5 2. Nc3 Bb4 3. Nd5 Ba5 4. b4 c6 5. bxa5 cxd5 6. cxd5 Qxa5 7. Qc2 Ne7 8. e4 d6 9. Bc4 0-0 10. Ne2 b5 11. Bb3 Na6 12. 0-0 f5 13. d4 Ng6 14. Qc6 Qb6 15. Bb2 Kh8 16. dxe5 dxe5 17. Qxa8 Bd7 18. Qxf8+ Nxf8 19. Bxe5 fxe4 20. Bd4 Qg6 21. Bxa7 Qh5 22. Ng3 Qe5 23. Rfe1 Nb4 24. Rad1 Qc7 25. Bd4 Bg4 26. f3 exf3 27. gxf3 Bh3 28. d6 Qc6 29. Re7 1-0

[Event "GRE-ch U16"]
[Site "Athens"]
[Date "2006.12.28"]
[Round "5"]
[White "Kefalas, Spyridon"]
[Black "Goumas, Georgios"]
[Result "0-1"]
[WhiteElo "1966"]
[BlackElo "2130"]
[PlyCount "62"]
[EventDate "2006.12.22"]
[EventType "swiss"]
[EventRounds "7"]
[EventCountry "GRE"]
[SourceTitle "EXT 2024"]
[Source "ChessBase"]
[SourceDate "2023.10.10"]
[SourceVersion "1"]
[SourceVersionDate "2023.10.10"]
[SourceQuality "1"]

1. c4 e5 2. Nc3 Bb4 3. g3 Bxc3 4. dxc3 d6 5. Bg2 f5 6. e3 Nf6 7. Ne2 0-0 8. 0-0 Kh8 9. b4 Nc6 10. b5 Ne7 11. a4 Rb8 12. Ba3 b6 13. a5 Be6 14. Qa4 Qe8 15. axb6 axb6 16. Nc1 Bf7 17. Rd1 Bxc4 18. f4 e4 19. Rd4 Be6 20. c4 Ra8 21. Qc2 h5 22. h3 h4 23. g4 fxg4 24. hxg4 Bxg4 25. Bxe4 Nxe4 26. Qxe4 Nf5 27. Bb2 Qg6 28. Kh2 Rae8 29. Qg2 Nxe3 30. Qf2 Qc2 31. Rd2 Qxd2 0-1